| 000 | 00482cam a2200169ua 4500 | ||
|---|---|---|---|
| 001 | 6238 | ||
| 008 | 131126n ii |||gr||||Z||||||eng | ||
| 040 | _cMAIN | ||
| 082 | _a910 | ||
| 245 |
_aEconomic & Commercial Geography companion _cBy Sen & Chakrabarty |
||
| 260 |
_aCalcutta: _bDass publishing concern, _c1986. |
||
| 300 | _av,590p. | ||
| 653 | _aGeography & travel | ||
| 653 | _aEconomic & commercial geography companion | ||
| 700 |
_aSen & Chakrabarti, _eAuthor., |
||
| 942 | _cBK | ||
| 999 |
_c5390 _d5390 |
||